| 000 | 00338nam a22001457a 4500 | ||
|---|---|---|---|
| 020 | _a0-19-568449-4 | ||
| 082 |
_a030 _bOXF/L |
||
| 100 | _aOXFORD | ||
| 245 | _aLITTLE OXFORD ENGLISH DICTIONARY | ||
| 250 | _aNINTH EDITION | ||
| 260 |
_aDELHI _bOXFORD UNIVERSITY PRESS _c2015 |
||
| 300 | _a818 | ||
| 650 |
_aDICTIONARY _zINDIA |
||
| 942 | _cBK | ||
| 999 |
_c2024 _d2024 |
||